Viṭutalaip pōril Pāratap peṇkaḷ. (Record no. 75913)

MARC details
000 -LEADER
fixed length control field 00641cam a22002291 4500
001 - CONTROL NUMBER
control field sa 67006397
003 - CONTROL NUMBER IDENTIFIER
control field DLC
005 - DATE AND TIME OF LATEST TRANSACTION
control field 20260227112406.0
008 - FIXED-LENGTH DATA ELEMENTS--GENERAL INFORMATION
fixed length control field 890403s1966 ii 000 0 tamo
010 ## - LIBRARY OF CONGRESS CONTROL NUMBER
LC control number sa 67006397
035 ## - SYSTEM CONTROL NUMBER
System control number (OCoLC)23561823
040 ## - CATALOGING SOURCE
Original cataloging agency DLC
Transcribing agency MiU
Modifying agency CU
-- DLC
042 ## - AUTHENTICATION CODE
Authentication code premarc
050 00 - LIBRARY OF CONGRESS CALL NUMBER
Classification number DS481.A1
Item number S45
100 1# - MAIN ENTRY--PERSONAL NAME
Personal name Shanmugam, Saroja.
245 10 - TITLE STATEMENT
Title Viṭutalaip pōril Pāratap peṇkaḷ.
Statement of responsibility, etc. [El̲utiyavar] Carōjā Caṇmukam.
250 ## - EDITION STATEMENT
Edition statement [1. patippu]
260 ## - PUBLICATION, DISTRIBUTION, ETC.
Place of publication, distribution, etc. Cen̲n̲ai,
Name of publisher, distributor, etc. Kuyilan̲ patippakam
Date of publication, distribution, etc. [1966]
300 ## - PHYSICAL DESCRIPTION
Extent 119 p.
Dimensions 19 cm.
500 ## - GENERAL NOTE
General note In Tamil.
650 #0 - SUBJECT ADDED ENTRY--TOPICAL TERM
Topical term or geographic name entry element Women
Geographic subdivision India
Form subdivision Biography.

No items available.

Powered by Koha